| 000 | 00535nam a2200193Ia 4500 | ||
|---|---|---|---|
| 005 | 20250923145244.0 | ||
| 008 | 008 250917s9999 xx 000 0 eng d | ||
| 037 | _aTextual | ||
| 040 |
_aDSWL _beng _cDSWL |
||
| 041 |
_aeng _2eng |
||
| 084 |
_aY:f, N67 _qDSWL |
||
| 245 | 3 |
_aAn Introduction to social research _cEd.by John T. Doby |
|
| 260 |
_aNew York _b Appleton Centruy Crofts USA _c1967 |
||
| 300 | _axiv,364p. | ||
| 365 |
_aUSD _b4 |
||
| 925 | _g4 | ||
| 942 |
_cTEXL _hY:f, N67 |
||
| 999 |
_c1449038 _d1449038 |
||